000 00989cab a2200289 4500
001 X3288
008 090401t1996 xxu||||| |||| 00| 0 eng d
035 _a(Sirsi) u29624
041 _aeng
245 _aWest Lancashire DC v Fairclough Homes Ltd
260 _c1996
350 _a0
490 _aPlanning Appeal Decisions
_v[1996] 11 PAD 128-133(6)
520 _aDecision letter 28 November 1995. Allowed appeal against council decision to refuse planning permission for the development of 80 houses. See [1994] 9 PAD 144-149 for earlier decision letter.
650 _aDOE CIRCULAR 08/1993
650 _aLANCHASHIRE STRUCTURE PLAN
650 _aLOCAL GOVERNMENT ACT 1972 S250
650 _aNEW HOUSING
650 _aPPG12
650 _aPPG3
650 _aTOWN AND COUNTRY PLANNING ACT 1990 S78
650 _aTRAFFIC VOLUMES
650 _aWEST LANCASHIRE DC V FAIRCLOUGH HOMES LTD
690 _aPLANNING LAW AND PRACTICE-CASE LAW
942 _n0
948 _c04/03/1997
999 _c19931
_d19931